Statistics for Elements that Beat Iron

Click here to take the quiz!

General Stats

  • This quiz has been taken 123 times
  • The average score is 10 of 16

Answer Stats

RankHintAnswer% Correct
6Most abundant in Milky WayHydrogen | Helium | Oxygen | Carbon | Neon
96%
5Metal with earliest evidence of human useGold | Copper | Silver | Lead
93%
8Most guessed on Periodic Table QuizHydrogen | Oxygen | Helium | Carbon | Gold | Silver | Nitrogen
85%
5Most common metal in human bodyCalcium | Potassium | Sodium | Magnesium
79%
=2Element with fewest lettersTin
78%
4Highest Scrabble score beginning with  iIridium | Indium | Iodine
72%
3Lightest element that shares no
letters with its chemical symbol
Sodium (Na) | Potassium (K)
64%
21Transition metal with highest boiling pointRhenium | Tungsten | Rutherfordium | Tantalum | Osmium | Neobium |
Molybdenum | Hafnium | Iridium | Zirconium | Technetium | Ruthenium | Platinum |
Rhodium | Vanadium | Yttrium | Titanium | Palladium | Cobalt | Nickel
63%
3Rarest ore in Minecraft (JE 1.17)Gold | Copper
62%
3Most abundant in Mars crustSilicon | Oxygen
53%
2Most abundant metal in Earth crustAluminium
51%
11Highest tensile strengthIridium | Rhenium | Osmium | Tungsten | Rhodium | Vanadium |
Cobalt | Tantalum | Manganese | Chromium
49%
2Most reactive four-letter elementZinc
49%
6Lightest transition metalScandium | Titanium | Vanadium | Chromium | Manganese
48%
11Metal with highest specific heat capacityLithium | Sodium | Magnesium | Aluminium | Potassium |
Calcium | Scandium | Titanium | Vanadium | Manganese
45%
2Earliest use in a Marvel super hero nameGold (Golden Girl, 1948)
39%

Score Distribution

Percentile by Number Answered

Percent of People with Each Score

Your Score History

You have not taken this quiz